|
|
|
|
| LEADER |
00771nam a2200205 a 4500 |
| 001 |
GR-MES988 |
| 008 |
991111s enk 000 b eng d |
| 020 |
|
|
|a 0135634792
|
| 040 |
|
|
|a GrPaTEI
|b gre
|c GR-PaULI
|
| 245 |
0 |
0 |
|a Marketing management :
|b Analysis, planning,implementation and control.
|
| 250 |
|
|
|a 7th
|
| 260 |
|
|
|a London :
|b Prentice Hall,
|c c1991
|
| 300 |
|
|
|a 756σελ. :
|b εικ., πιν.
|
| 650 |
|
4 |
|a Μάνατζμεντ
|
| 650 |
|
4 |
|a ΜΑΡΚΕΤΙΓΚ
|
| 700 |
1 |
|
|a Kotler, Philip
|
| 942 |
|
|
|2 ddc
|
| 952 |
|
|
|0 0
|1 0
|2 ddc
|4 0
|6 658_800000000000000_KOT
|7 0
|9 264766
|a MSLG
|b MSLG
|c BSC
|d 2021-01-17
|e 24
|f 0
|g 0.00
|l 0
|o 658.8 KOT
|p 2420000002550
|r 2021-01-17 00:00:00
|t 1
|w 2021-01-17
|y BK15
|x 19991111 0 1
|x GrPaTEI
|
| 971 |
|
|
|a .b25720302
|b 15-04-20
|c 13-09-16
|
| 999 |
|
|
|c 152278
|d 152278
|